All Premier League Managers in 2021/22 - Statistics

General Stats
  • This quiz has been taken 15 times
  • The average score is 23 of 32
Answer Stats
Status Answer % Correct
Managing Brendan Rodgers
100%
Managing Josep Guardiola
100%
Managing Jürgen Klopp
100%
Managing Patrick Vieira
100%
Managing Frank Lampard
92%
Managing Mikel Arteta
92%
Sacked Ole Gunnar Solskjær
92%
Managing Ralf Rangnick
92%
Managing Steven Gerrard
92%
Managing Thomas Tuchel
92%
Managing Eddie Howe
85%
Managing Graham Potter
85%
Managing Antonio Conte
77%
Managing David Moyes
77%
Sacked Sean Dyche
77%
Caretaker Michael Carrick
69%
Sacked Nuno Espírito Santo
69%
Sacked Steve Bruce
69%
Managing Dean Smith
62%
Managing Jesse Marsch
62%
Sacked Marcelo Bielsa
62%
Sacked Rafael Benítez
62%
Managing Ralph Hasenhüttl
62%
Managing Roy Hodgson
62%
Managing Thomas Frank
62%
Managing Bruno Lage
54%
Caretaker Duncan Ferguson
54%
Sacked Claudio Ranieri
46%
Sacked Daniel Farke
46%
Sacked Xisco Muñoz
38%
Managing Mike Jackson
31%
Caretaker Graeme Jones
8%
No matching quizzes found
Score Distribution
Percent of People with Each Score
Percentile by Number Answered
Your Score History
You have not taken this quiz